1643 1066 1582 1815 1179 1451 1385 1375 1386 1148 1402 1971 1513 1342 1943 1984 1692 1857 1469 1206 1070 1782 1757 1366 1922 1836 1827 1359 1832 1832 1058 1361 1865 1023 1890 1983 1888 1416 1920 1789 1295 1165 1430 1463 1225 1037 1110 1034 1616 1309 1288 1466 1055 1822 1664 1817 1234 1081 1506 1928 1839 1015 1364 1924 1108 1486 1524 1574 1834 1555 1005 1457 1353 1906 1083 1591 1800 1872 1657 1144 1028 1161 1582 1131 1130 1915 1057 1377 1911 1270 1116 1917 1468 1079 1584 1890 1854 1164 1786 BCNSPRNW ULIB Ver.6.0+V

เปลี่ยนเป็นภาษาไทย

Change to English
 แสดงรายละเอียดบรรณานุกรม
  กลับหน้าหลัก

Brief Record : Get Marc (ISO 2709) : E-mail record : QR code < ปิดหน้าต่าง
LEADER : 00000nam 2200000uu 4500
001    13399128526
003     ULIB
008    230831s2565||||th 000 0 tha d
020    ^a9786163812995
060    ^aWS440^bท521น
110    ^aทีมวิชาการ Life Balance
245    ^aนิทานสร้างเสริมสุขนิสัยเล่มแรกของหนู หนูดีฟันน้ำนมหลุด
250    ^aพิมพ์ครั้งที่ 1
260    ^aกรุงเทพฯ :^bLife Balance,^cม.ป.ป.
300    ^a24 หน้า;^c19 ซม.
650    ^aนิทานเด็ก
650    ^aเด็ก-พัฒนาการ
945    ^p49^l0^i010294
999    ^aประนอม เกษจรัล
รายการนี้ยังไม่มีแท็ก
คุณยังไม่ได้ล็อกอิน คุณสามารถมีกิจกรรมร่วมกับเว็บไซต์ได้ แต่ต้องล็อกอินก่อน ::
  ล็อกอิน

รายการสื่อสารสนเทศ

ลำดับที่ ประเภท เลขเรียก/บาร์โค้ด สถานที่ สถานะ
1. วิทยาศาสตร์การแพทย์ และสุขภาพ
วิทยาศาสตร์การแพทย์ และสุขภาพ
WS440 ท521น ฉ.1 
  Barcode: 010294
ห้องสมุดวิทยาเขตสวรรค์ประชารักษ์
►หนังสือทั่วไป
บนชั้น

รายการใกล้เคียง
    ชื่อเรื่อง [นิทานสร้างเสริมสุขนิสัยเล่มแรกของหนู หนูดีฟันน้ำนมหลุด]

    หัวเรื่อง [นิทานเด็ก]
    หัวเรื่อง [เด็ก-พัฒนาการ]

BibComment


ยังไม่เคยถูกคอมเมนท์

คอมเมนท์ทรัพยากรรายการนี้
  คอมเมนท์: นิทานสร้างเสริมส..


 Copyright 2026. Bcnsprnw @Library